Ο δημόσιος και ιδιωτικός βίος των Βυζαντινών
Αποθηκεύτηκε σε:
| Κύριος συγγραφέας: | |
|---|---|
| Άλλοι συγγραφείς: | |
| Μορφή: | Βιβλίο |
| Γλώσσα: | Greek English |
| Δημοσίευση: |
Αθήνα :
Δημ. Ν. Παπαδήμας,
1988.
|
| Έκδοση: | 4η έκδ. |
| Θέματα: | |
| Ετικέτες: |
Προσθήκη ετικέτας
Δεν υπάρχουν, Καταχωρήστε ετικέτα πρώτοι!
|
MARC
| LEADER | 00000cam a2200000 i 4500 | ||
|---|---|---|---|
| 001 | 1/24308 | ||
| 008 | 011206s1988 gr | ||| |||| ||gre|| | ||
| 020 | |a 9602060026 | ||
| 035 | |l 10067843 | ||
| 040 | |a GR-MyUa |b gre |e AACR2 | ||
| 041 | 1 | |a gre |h eng | |
| 082 | 7 | |a 938.306 |2 (22) | |
| 100 | 1 | |a Rice, Tamara Talbot. | |
| 245 | 1 | 2 | |a Ο δημόσιος και ιδιωτικός βίος των Βυζαντινών / |c Tamara Talbot Rice ; μετάφραση Φ. Κ. Βώρου. |
| 250 | |a 4η έκδ. | ||
| 260 | |a Αθήνα : |b Δημ. Ν. Παπαδήμας, |c 1988. | ||
| 300 | |a 319 σ. ; |b εικ. | ||
| 500 | |a Τίτλος πρωτοτύπου: Everyday life in Byzantium. | ||
| 500 | |a Με 102 εικόνες και σχέδια εντός και εκτός κειμένου. | ||
| 500 | |a Περιέχει ευρετήριο. | ||
| 651 | 0 | |a Byzantine Empire |x Social conditions. | |
| 651 | 0 | |a Byzantine Empire |x Economic conditions. | |
| 651 | 0 | |a Byzantine Empire |x Civilization. | |
| 700 | 1 | |a Βώρος, Φανούριος Κ., |d 1933-2020, |e trl | |
| 852 | |a INST |b RHODES |e 20011206 |h 938.306 RIC |p 005400016855 |q 005400016855 |t BK |y 0 | ||
| 901 | |a BIBL4-2001-3 | ||
| 970 | |a Κουλακιώτη |b Λίτσα |z 2001/12/06 | ||